|
|
|
|
| LEADER |
00000nab a2200000 a 4500 |
| 001 |
vtls000284012 |
| 003 |
SK-MaSNL |
| 005 |
20260303183239.0 |
| 008 |
160201c1986 xo 0 slo |
| 015 |
|
|
|a SNBRB19rr/mm-uuuuu
|
| 035 |
|
|
|a CL0294130
|
| 040 |
|
|
|a SNKBUCL
|b slo
|c SNKBUCL
|e AACR2
|
| 041 |
0 |
|
|a slo
|
| 044 |
|
|
|a xo
|c SK
|
| 080 |
|
|
|a 66.0-051
|2 1981
|
| 080 |
|
|
|a 621
|2 1981
|
| 080 |
|
|
|a 331.021.5
|2 1981
|
| 080 |
|
|
|a 929 Přibyl, Stanislav
|2 1981
|
| 100 |
1 |
|
|a Vavrová, Helena
|4 ivr
|9 419272
|
| 245 |
1 |
0 |
|a Rozhovor s vedúcim pracovníkom Ing. Stanislavom Přibylom, CSc
|c Helena Vavrová, Stanislav Pribyl ; Stanislav Přibyl
|
| 300 |
|
|
|b Obr. 3.
|
| 600 |
1 |
7 |
|a Přibyl, Stanislav,
|d 1932-
|2 snkbucl
|9 233266
|
| 655 |
|
7 |
|a rozhovory
|2 snkbucl
|9 31831
|
| 655 |
|
7 |
|a články z novín a časopisov
|2 snkbucl
|9 267496
|
| 700 |
1 |
|
|a Přibyl, Stanislav,
|d 1932-
|4 ive
|9 233266
|
| 773 |
0 |
|
|t Vedecké riadenie
|g Roč. 16, č. 4 (1986), s. 27-32
|
| 850 |
|
|
|a Slovenská národná knižnica v Martine
|a MTA001
|
| 852 |
|
|
|a SNK
|b KIS3GCP
|
| 958 |
|
|
|a RK
|
| 958 |
|
|
|a CZ
|
| 992 |
|
|
|a RBX
|
| 999 |
|
|
|c 2119939
|d 2121869
|